000 00514cam a22001457a 4500
008 180718b1967 xxu||||| |||| 00| 0 eng d
082 _aK11x73 St25
100 _aStanley, David T.
245 _aMen who govern: a biographical profile of federal political executives
_cby David T. Stanley, Dean E. Mann and Jameson W. Doig
260 _aWashington, D.C.
_bBrookings Institution
_c1967
300 _a169p.
650 _aGovernment executives --United States
700 _aDoig, Jameson W.
700 _aMann, Dean E.
999 _c431444
_d431444